Catholic University of Zimbabwe Library
Online Public Access Catalogue
(OPAC)

Ethnic Diversity and the Control of Natural Resources in Southeast Asia (Record no. 27128)

MARC details
000 -LEADER
fixed length control field 02202cam a22005294a 4500
001 - CONTROL NUMBER
control field muse92051
003 - CONTROL NUMBER IDENTIFIER
control field MdBmJHUP
005 - DATE AND TIME OF LATEST TRANSACTION
control field 20210127151820.0
006 - FIXED-LENGTH DATA ELEMENTS--ADDITIONAL MATERIAL CHARACTERISTICS
fixed length control field m o d
007 - PHYSICAL DESCRIPTION FIXED FIELD--GENERAL INFORMATION
fixed length control field cr||||||||nn|n
008 - FIXED-LENGTH DATA ELEMENTS--GENERAL INFORMATION
fixed length control field 931020s1988 miu o 00 0 eng d
010 ## - LIBRARY OF CONGRESS CONTROL NUMBER
Canceled/invalid LC control number 87062020
020 ## - INTERNATIONAL STANDARD BOOK NUMBER
International Standard Book Number 9780472902309
020 ## - INTERNATIONAL STANDARD BOOK NUMBER
Canceled/invalid ISBN 0891480439 (cloth)
020 ## - INTERNATIONAL STANDARD BOOK NUMBER
Canceled/invalid ISBN 0891480447 (pbk.)
020 ## - INTERNATIONAL STANDARD BOOK NUMBER
Canceled/invalid ISBN 9780891480433
035 ## - SYSTEM CONTROL NUMBER
System control number (OCoLC)1184511849
040 ## - CATALOGING SOURCE
Original cataloging agency MdBmJHUP
Transcribing agency MdBmJHUP
043 ## - GEOGRAPHIC AREA CODE
Geographic area code as-----
050 04 - LIBRARY OF CONGRESS CALL NUMBER
Classification number DS523.3
Item number .E84 1988
245 00 - TITLE STATEMENT
Title Ethnic Diversity and the Control of Natural Resources in Southeast Asia
Statement of responsibility, etc. edited by A. Terry Rambo, Kathleen Gillogly, and Karl L. Hutterer.
264 #1 - PRODUCTION, PUBLICATION, DISTRIBUTION, MANUFACTURE, AND COPYRIGHT NOTICE
Name of producer, publisher, distributor, manufacturer Center for South and Southeast Asian Studies, University of Michigan,
264 #3 - PRODUCTION, PUBLICATION, DISTRIBUTION, MANUFACTURE, AND COPYRIGHT NOTICE
Name of producer, publisher, distributor, manufacturer Project MUSE,
300 ## - PHYSICAL DESCRIPTION
Extent 1 online resource (xii, 229 p.) :
Other physical details ill., maps ;
500 ## - GENERAL NOTE
General note "Published in cooperation with the East-West Center, Environment and Policy Institute, Honolulu, Hawaii."
500 ## - GENERAL NOTE
General note Papers based from a conference held at the University of Michigan in Ann Arbor, Aug. 1984.
504 ## - BIBLIOGRAPHY, ETC. NOTE
Bibliography, etc. note Includes bibliographical references.
506 0# - RESTRICTIONS ON ACCESS NOTE
Terms governing access Open Access
Standardized terminology for access restriction Unrestricted online access
Source of term star
588 ## - SOURCE OF DESCRIPTION NOTE
Source of description note Description based on print version record.
650 #0 - SUBJECT ADDED ENTRY--TOPICAL TERM
Topical term or geographic name entry element Natural resources
Geographic subdivision Southeast Asia
Form subdivision Congresses.
650 #0 - SUBJECT ADDED ENTRY--TOPICAL TERM
Topical term or geographic name entry element Human beings
General subdivision Effect of environment on
Geographic subdivision Southeast Asia
Form subdivision Congresses.
650 #0 - SUBJECT ADDED ENTRY--TOPICAL TERM
Topical term or geographic name entry element Human ecology
Geographic subdivision Southeast Asia
Form subdivision Congresses.
650 #0 - SUBJECT ADDED ENTRY--TOPICAL TERM
Topical term or geographic name entry element Ethnology
Geographic subdivision Southeast Asia
Form subdivision Congresses.
655 #7 - INDEX TERM--GENRE/FORM
Genre/form data or focus term Electronic books.
Source of term local
700 1# - ADDED ENTRY--PERSONAL NAME
Personal name Hutterer, Karl L.
700 1# - ADDED ENTRY--PERSONAL NAME
Personal name Gillogly, Kathleen.
700 1# - ADDED ENTRY--PERSONAL NAME
Personal name Rambo, A. Terry.
710 2# - ADDED ENTRY--CORPORATE NAME
Corporate name or jurisdiction name as entry element East-West Environment and Policy Institute (Honolulu, Hawaii)
710 2# - ADDED ENTRY--CORPORATE NAME
Corporate name or jurisdiction name as entry element University of Michigan.
Subordinate unit Center for South and Southeast Asian Studies.
710 2# - ADDED ENTRY--CORPORATE NAME
Corporate name or jurisdiction name as entry element Project Muse.
Relator term distributor
830 #0 - SERIES ADDED ENTRY--UNIFORM TITLE
Uniform title Book collections on Project MUSE.
856 40 - ELECTRONIC LOCATION AND ACCESS
Public note Full text available:
Uniform Resource Identifier <a href="https://muse.jhu.edu/book/77799/">https://muse.jhu.edu/book/77799/</a>
Holdings
Withdrawn status Lost status Source of classification or shelving scheme Damaged status Not for loan Home library Current library Shelving location Date acquired Total Checkouts Full call number Date last seen Uniform Resource Identifier Price effective from Koha item type
          Digital Library Digital Library Online Access 27.01.2021   DS523.3 .E84 1988 27.01.2021 https://muse.jhu.edu/book/77799/ 27.01.2021 eBook

OPENING HOURS

Weekdays: 0815hrs - 1800hrs
Weekends:0900hrs - 1200hrs

Closed for Mass:

Mon, Thur: 1200hrs - 1300hrs
Sunday & Public Holiday’s

CALL SUPPORT

0242-570570, 0242-570169
09200664, +263 8644140602

LOCATION

18443, Cranborne Avenue, Hatfield, Harare

Other Links


©2021 | CUZ Library